Một số ý kiến nhân kỷ niệm lần thứ 50 cách mạng tháng Tám và Quốc khánh 2-9 /
Đã lưu trong:
| Príomhúdar: | |
|---|---|
| Formáid: | Bài viết |
| Teanga: | Vietnamese |
| Ábhair: | |
| Clibeanna: |
Cuir Clib Leis
Gan Chlibeanna, Bí ar an gcéad duine leis an taifead seo a chlibeáil!
|
| Thư viện lưu trữ: | Thư viện Trường Đại học Đà Lạt |
|---|
| LEADER | 00851nam a2200277 4500 | ||
|---|---|---|---|
| 001 | DLU090073018 | ||
| 005 | ##20090508 | ||
| 040 | # | # | |a DLU |b vie |
| 041 | # | # | |a vie |
| 044 | # | # | |a vn |
| 100 | # | # | |a Trần Trọng Tân. |
| 245 | # | # | |a Một số ý kiến nhân kỷ niệm lần thứ 50 cách mạng tháng Tám và Quốc khánh 2-9 / |c Trần Trọng Tân. |
| 653 | # | # | |a Cách mạng tháng Tám |
| 653 | # | # | |a Lý luận chính trị |
| 653 | # | # | |a Quốc khánh |
| 653 | # | # | |a Thành quả cách mạng |
| 773 | # | # | |t Khoa học Xã hội |g Số 26, 1995, tr. 28-42 |
| 920 | # | # | |a Phòng Tạp chí -- Trung tâm Thông tin - Thư viện Trường Đại học Đà Lạt |
| 994 | # | # | |a DLU |
| 900 | # | # | |a True |
| 911 | # | # | |a Nguyễn Thanh Hương |
| 925 | # | # | |a G |
| 926 | # | # | |a A |
| 927 | # | # | |a BB |
| 980 | # | # | |a Thư viện Trường Đại học Đà Lạt |